Normal view MARC view

Entry Personal Name

Number of records used in: 1

001 - CONTROL NUMBER

  • control field: 5602

003 - CONTROL NUMBER IDENTIFIER

  • control field: OSt

005 - DATE AND TIME OF LATEST TRANSACTION

  • control field: 20120105121405.0

008 - FIXED-LENGTH DATA ELEMENTS

  • fixed length control field: 120105|||a|||||| | ||| d

040 ## - CATALOGING SOURCE

  • Original cataloging agency: OSt
  • Transcribing agency: OSt

100 ## - HEADING--PERSONAL NAME

  • Personal name: Hilbery, Malcolm,
  • Titles and other words associated with a name: Sir,
  • Dates associated with a name: 1883-

670 ## - SOURCE DATA FOUND

  • Source citation: Work cat.: (OSt)0: Hilbery, Malcolm, Sir, 1883-, Duty and art in advocacy,, 1959.